000 00280nam a22001217a 4500
008 180517b xxu||||| |||| 00| 0 eng d
041 _aeng
080 _a043.3
100 _a0
101 _aMBE-MA
245 _aMenaxhimi i Procesit te Prokurimit
_cKrasniqi, A
942 _2udc
_cBK
999 _c45904
_d45904